000 00660nam a22002297a 4500
005 20170124105933.0
010 _a044772
020 _c00.00
035 _a044772
037 _bCen Lib/Ret
040 _aDPL
_bEN
082 _a371.26
_bFRE
100 _aFreeman,Frank N.
_98870
245 _aMental tests :
_cby Frank N.Freeman
_bhistory principles & applications /
260 _aNew York
_bFoughton Mifflin Company
_c1939
270 _aNew York
_bNew York
300 _avii,460p.
_c16cm(Hb)
500 _aIncludes index
650 _aMental test
_98871
650 _aDevelopment of education
_98872
942 _2ddc
_cEN
_h371.26
_mFRE
999 _c124005
_d124005